00629cam a22002411 4500001001300000003000400013005001700017008004100034010001700075035002000092040001800112042001200130050002200142110002800164245002600192260001100218300001900229500001500248650003600263700003500299700003600334999001700370sa 68019358 DLC20260227112717.0890508s1966 xx 000 0 hino  asa 68019358  a(OCoLC)23574037 aDLCcMiUdDLC apremarc00aB746.A4bU72 19662 aIkhwān al-Ṣafāʼ.00aIkhvān al-Ṣafā. c[1966] a224 p.c22 cm. aRomanized. 0aTheological anthropologyxIslam2 aIkrām ʻAlī, Maulavi,etr.1 aNaqvī, Aḥrāz,d1936-eed. c88868d88868